Normal view MARC view
  • Diary of principal events

Entry Topical Term

Number of records used in: 1

001 - CONTROL NUMBER

  • control field: 108804

003 - CONTROL NUMBER IDENTIFIER

  • control field: NUST

005 - DATE AND TIME OF LATEST TRANSACTION

  • control field: 20230209142531.0

008 - FIXED-LENGTH DATA ELEMENTS

  • fixed length control field: 230209|| aca||aabn | a|a d

040 ## - CATALOGING SOURCE

  • Original cataloging agency: NUST
  • Transcribing agency: NUST

150 ## - HEADING--TOPICAL TERM

  • Topical term or geographic name entry element: Diary of principal events

670 ## - SOURCE DATA FOUND

  • Source citation: Work cat.: (NUST)186738: Rajput, Diary of principal events /, 1935
© 2023 Central Library, National University of Sciences and Technology. All Rights Reserved.